000 00765nam a22002297a 4500
005 20080923102150.0
008 080923t xxu||||| |||| 00| 0 eng d
010 _aENG-91029
020 _c100.00
_a8177352393
035 _aEN-74562
037 _bDBAD / PUB
040 _adpl
_bEnglish
082 _a954
100 _aShankaran, P.
245 _aMy motherland /
_cby P. Shankaran
260 _aChennai
_bPavai Publications
_c2005
270 _a142, Jani Jan Khan Raod, Rayapettah,
_bChennai
_e600014
300 _a207p.
_c22 cm (pbk)
651 _aIndia
_xHistory
942 _2ddc
_cEN
_mSHA
_h954
999 _c15581
_d15581